000 00651cam a2200217 i 4500
008 160415s2017 nyu b 001 0 eng
020 _a9781138666375 (hardback : alk. paper)
020 _a9781138666382 (pbk. : alk. paper)
050 0 0 _aHT167
_b.L38 2017
082 0 0 _a307.1/2160973
100 1 _aLevy, John M.,
245 1 0 _aContemporary urban planning /
_cJohn M. Levy.
250 _aEleventh Edition.
300 _axii, 464 pages ;
500 _aRevised edition of the author's Contemporary urban planning, 2013.
650 0 _aCity planning
650 0 _aUrban policy
650 0 _aUrbanization
650 0 _aSociology, Urban
942 _cBK
999 _c14
_d14